000 01209naa a22003977a 4500
001 BR8106772
003 BR-BrBNA
005 20240918175020.0
007 ta
008 230509b bl.||||| |||| 00| 0 por d
040 _aBR-BrBNA
_bpor
_cBiblioteca Nacional de Agricultura
041 _a(Pt)
072 _aF00; B50
_b0330
_bG514
090 _aF00 BR8106772
100 1 _aFontoura, J.V.G.
100 1 _aParo, H.
100 1 _aSantos, E.N. dos
100 1 _aCarvalho, B.C.L. de
100 1 _aLessa, J.M.M.
100 1 _aSantos, G.
100 1 _aCosta, A.V.
245 1 _aNos estudos de Mato Grosso do Sul, Mato Grosso, Bahia e Goias [soja, Glycine max, historia, Brasil]
_bCapitulo 2. Introducao e evolucao da soja no Brasil
260 3 _aSao Paulo, SP (Brasil):
_c1981.
500 _aMiyasaka, S.; Medina, J.C. (eds.) A soja no Brasil Sao Paulo, SP (Brasil): 1981. p. 40-46 (BR8106772-AM)F00
650 _aSOJA
650 _aPLANTIO
650 _aPRODUCAO
650 _aPESQUISA AGRICOLA
650 _aHISTORIA
650 _aMATO GROSSO
650 _aMATO GROSSO DO SUL
650 _aBAHIA
650 _aGOIAS
909 _a202404
_bLucia
_c55
_dLucia Elande
942 _cAM
_2AGRIS
999 _c314577
_d314577